LIBRARY & INFORMATION CENTRE, KCAET, TAVANUR

ONLINE PUBLIC ACCESS CATALOGUE (OPAC)

Applied electricity / (Record no. 9584)

MARC details
000 -LEADER
fixed length control field 00389cam a2200157ua 4500
003 - CONTROL NUMBER IDENTIFIER
control field OSt
008 - FIXED-LENGTH DATA ELEMENTS--GENERAL INFORMATION
fixed length control field 241218b |||||||| |||| 00| 0 eng d
041 ## - LANGUAGE CODE
Language code of text/sound track or separate title eng
082 ## - DEWEY DECIMAL CLASSIFICATION NUMBER
Classification number 621.31
Item number COT/AP
100 ## - MAIN ENTRY--AUTHOR NAME
Personal name Cotton, H .
245 ## - TITLE STATEMENT
Title Applied electricity /
250 ## - EDITION STATEMENT
Edition statement 6 /
260 ## - PUBLICATION, DISTRIBUTION, ETC. (IMPRINT)
Place of publication Melbourne,London :
Name of publisher MacMillan and Company Limited ,
Year of publication 1966.
300 ## - PHYSICAL DESCRIPTION
Number of Pages 631 ; .
942 ## - ADDED ENTRY ELEMENTS (KOHA)
Koha item type Books
Holdings
Withdrawn status Lost status Damaged status Home library Current library Date acquired Full call number Accession Number Koha item type
      KAUAET KAUAET 07/04/2012 621.31 COT/AP 12202 Books
free website counter